Absolute idealism: Hegel
Saved in:
| Main Author: | |
|---|---|
| Format: | Chapter/Article |
| Language: | English |
| Published: |
2019
|
| In: |
A companion to nineteenth-century philosophy
Year: 2019, Pages: 83-116 |
| DOI: | 10.1002/9781119210054.ch3 |
| Online Access: | Verlag, lizenzpflichtig, Volltext: https://doi.org/10.1002/9781119210054.ch3 |
| Author Notes: | Sebastian Stein |
MARC
| LEADER | 00000caa a22000002c 4500 | ||
|---|---|---|---|
| 001 | 1754736378 | ||
| 003 | DE-627 | ||
| 005 | 20220819163902.0 | ||
| 007 | cr uuu---uuuuu | ||
| 008 | 210414s2019 xx |||||o 00| ||eng c | ||
| 024 | 7 | |a 10.1002/9781119210054.ch3 |2 doi | |
| 035 | |a (DE-627)1754736378 | ||
| 035 | |a (DE-599)KXP1754736378 | ||
| 035 | |a (OCoLC)1341404454 | ||
| 040 | |a DE-627 |b ger |c DE-627 |e rda | ||
| 041 | |a eng | ||
| 084 | |a 10 |2 sdnb | ||
| 100 | 1 | |a Stein, Sebastian |d 1980- |e VerfasserIn |0 (DE-588)1136050833 |0 (DE-627)891105921 |0 (DE-576)490287492 |4 aut | |
| 245 | 1 | 0 | |a Absolute idealism |b Hegel |c Sebastian Stein |
| 264 | 1 | |c 2019 | |
| 300 | |a 34 | ||
| 336 | |a Text |b txt |2 rdacontent | ||
| 337 | |a Computermedien |b c |2 rdamedia | ||
| 338 | |a Online-Ressource |b cr |2 rdacarrier | ||
| 500 | |a Gesehen am 14.04.2021 | ||
| 773 | 0 | 8 | |i Enthalten in |t A companion to nineteenth-century philosophy |b First edition |d Hoboken, NJ, USA : Wiley, 2019 |g (2019), Seite 83-116 |h 1 Online-Ressource (1 online resource) |w (DE-627)1679257382 |z 1119210038 |z 1119210054 |z 9781119210030 |z 9781119210054 |7 nnam |a Absolute idealism Hegel |
| 773 | 1 | 8 | |g year:2019 |g pages:83-116 |g extent:34 |a Absolute idealism Hegel |
| 776 | 0 | 8 | |i Erscheint auch als |n Druck-Ausgabe |a Stein, Sebastian, 1980 - |t Absolute idealism |d 2019 |w (DE-627)1754736742 |
| 856 | 4 | 0 | |u https://doi.org/10.1002/9781119210054.ch3 |x Verlag |x Resolving-System |z lizenzpflichtig |3 Volltext |
| 951 | |a AR | ||
| 992 | |a 20210414 | ||
| 993 | |a BookComponentPart | ||
| 994 | |a 2019 | ||
| 998 | |g 1136050833 |a Stein, Sebastian |m 1136050833:Stein, Sebastian |d 70000 |d 70100 |e 70000PS1136050833 |e 70100PS1136050833 |k 0/70000/ |k 1/70000/70100/ |p 1 |x j |y j | ||
| 999 | |a KXP-PPN1754736378 |e 390911427X | ||
| BIB | |a Y | ||
| JSO | |a {"person":[{"role":"aut","family":"Stein","given":"Sebastian","display":"Stein, Sebastian"}],"type":{"media":"Online-Ressource","bibl":"chapter"},"physDesc":[{"extent":"34 S."}],"name":{"displayForm":["Sebastian Stein"]},"language":["eng"],"id":{"doi":["10.1002/9781119210054.ch3"],"eki":["1754736378"]},"relHost":[{"name":{"displayForm":["edited by John Shand"]},"type":{"media":"Online-Ressource","bibl":"edited-book"},"disp":"Absolute idealism HegelA companion to nineteenth-century philosophy","person":[{"family":"Shand","given":"John","display":"Shand, John","role":"edt"}],"id":{"eki":["1679257382"],"doi":["10.1002/9781119210054"],"isbn":["1119210038","1119210054","9781119210030","9781119210054","1119210046","1119210062","9781119210047","9781119210061","9781119210023"]},"part":{"extent":"34","text":"(2019), Seite 83-116","pages":"83-116","year":"2019"},"language":["eng"],"note":["Includes bibliographical references and index","Includes index"],"origin":[{"publisherPlace":"Hoboken, NJ, USA","dateIssuedDisp":"2019","edition":"First edition","editionNo":1,"publisher":"Wiley","dateIssuedKey":"2019"}],"physDesc":[{"extent":"1 Online-Ressource (1 online resource)"}],"recId":"1679257382","title":[{"title":"A companion to nineteenth-century philosophy","title_sort":"companion to nineteenth-century philosophy"}]}],"title":[{"title_sort":"Absolute idealism","subtitle":"Hegel","title":"Absolute idealism"}],"recId":"1754736378","origin":[{"dateIssuedKey":"2019","dateIssuedDisp":"2019"}],"note":["Gesehen am 14.04.2021"]} | ||
| SRT | |a STEINSEBASABSOLUTEID2019 | ||